|
|
|
|
| LEADER |
01388nam a2200397 a 4500 |
| 001 |
000772083 |
| 003 |
CZ BrMZK |
| 005 |
20090731085629.0 |
| 007 |
ta |
| 008 |
050426s2005 xr a brf 000 0 cze d |
| 015 |
|
|
|a cnb001532105
|
| 020 |
|
|
|a 80-7209-679-6
|q (prostorové leporelo)
|
| 035 |
|
|
|a (OCoLC)62516672
|
| 040 |
|
|
|a BOA001
|b cze
|
| 043 |
|
|
|a e-xr---
|b e-xr-pg
|2 czenas
|
| 072 |
|
7 |
|a 821-93
|x Literatura pro děti a mládež (beletrie)
|2 Konspekt
|9 26
|
| 072 |
|
7 |
|a 94(437)
|x Dějiny Česka a Slovenska
|2 Konspekt
|9 8
|
| 080 |
|
|
|a 908:133
|2 MRF
|
| 080 |
|
|
|a 398.42
|2 MRF
|
| 080 |
|
|
|a 94(437.311)
|2 MRF
|
| 080 |
|
|
|a (0.062)
|2 MRF
|
| 080 |
|
|
|a (0.053.2)
|2 MRF
|
| 100 |
1 |
|
|a Seifertová, Lucie,
|d 1969-
|7 jo2003193350
|4 aut
|4 ill
|
| 245 |
1 |
0 |
|a Tajemná Praha /
|c [text a ilustrace] Lucie Seifertová
|
| 260 |
|
|
|a Praha :
|b Slovart,
|c 2005
|
| 300 |
|
|
|a [12] s. :
|b vše barev. il. ;
|c 27 cm
|
| 500 |
|
|
|a Název z obálky
|
| 650 |
0 |
7 |
|a magická místa
|7 ph165768
|z Česko
|2 czenas
|
| 650 |
0 |
7 |
|a strašidla
|7 ph126133
|z Česko
|2 czenas
|
| 655 |
|
7 |
|a populárně-naučné publikace
|7 fd131864
|2 czenas
|
| 655 |
|
7 |
|a publikace pro děti
|7 fd133156
|2 czenas
|
| 651 |
|
7 |
|a Praha (Česko)
|7 ge118011
|x dějiny
|2 czenas
|
| 910 |
|
|
|a BOA001
|b 3-1151.633
|
| 990 |
|
|
|a BK
|
| 991 |
|
|
|b 200505
|
| 996 |
6 |
|
|b 2610249046
|c 3-1151.633
|l MZK
|r Sklad / do 1 hodiny
|n 0
|p p.v.
|w 000772083
|u 000010
|a 1
|e BOA001
|j MZK50
|s P
|